00958ntm a2200241 a 450000100060000000300080000600500170001400800410003103500190007204000350009104100080012608200280013410000210016224501940018326000620037730000360043950200690047550400320054465000260057665000240060270000510062670000390067775495BD-RjUL20211209082711.0190416s2016 bg a|||| mb|| 00| 0 eng d a(BD-RjUL)75713 aBD-RjULbengcBD-RjULdBD-RjUL aeng 223a618.92241bRAP 20161 aRawnuck, Tanzila10aPrevalence of Pneumonia among Children attending different Hospitals of Dhaka city /cby Tanzila Rawnuck ;6Suvervisor : K. A. M. Shahadat Hossain Mondal ; Co-Supervisor: Md. Jawadul Haque aRajshahi:bInstitute of Biological Sciences, R. U.,c2016 axvi, 189leaves:bIll. ;c30 cm. aThesis (Ph.D.) -- Institute of Biological Sciences, R. U., 2016 aRefernces : leaves 140-163 aPneumonia in children aChildrenvMortality aMondal, K. A. M. Shahadat Hossain, Suvervisor  aHaque, Md. Jawadul, Co-Supervisor